Financovanie verejnej správy Slovenskej republiky prostredníctvom verejných rozpočtov bakalárska práca

Na minha lista:
Detalhes bibliográficos
Autor principal: Greguš, Jozef
Autor Corporativo: Národohospodárska fakulta EU. Katedra financií
Outros Autores: Kozovský, Dušan
Formato: Livro
Idioma:eslovaco
Publicado em: Bratislava 2009
Tags: Adicionar Tag
Sem tags, seja o primeiro a adicionar uma tag!

MARC

LEADER 00000nam$a2200000$$$4500
001 0102720
005 20240318141316.4
041 0 |a slo 
044 |a SK 
245 1 0 |a Financovanie verejnej správy Slovenskej republiky prostredníctvom verejných rozpočtov  |b bakalárska práca  |c Jozef Greguš ; škol. Dušan Kozovský 
264 1 |a Bratislava  |c 2009 
300 |a 50 s. 
100 1 |a Greguš, Jozef 
700 1 |a Kozovský, Dušan 
710 2 |a Národohospodárska fakulta EU. Katedra financií